000 00337nam a2200133 4500
999 _c4483
_d4483
008 200806b ||||| |||| 00| 0 eng d
082 0 0 _a052
_bM2395
110 _93578
_aMalayala Manoroma
245 1 0 _aManoroma Year Book /
260 _aKottayam:
_bMalayala Manoroma,
_c1994.
300 _a800 p.
650 0 _aYearbook
942 _2ddc
_cBK